Návrh metodiky tvorby modelu na zníženie psychickej a fyzickej pracovnej záťaže zamestnancov v priemyselnej prevádzke
Na minha lista:
| Autor principal: | |
|---|---|
| Outros Autores: | |
| Formato: | Manuscrito Livro |
| Idioma: | eslovaco |
| Publicado em: |
2023
|
| Assuntos: | |
| Acesso em linha: | http://is.stuba.sk/zp/portal_zp.pl?podrobnosti=145431 |
| Tags: |
Sem tags, seja o primeiro a adicionar uma tag!
|
MARC
| LEADER | 00000ntm a22000003a 4500 | ||
|---|---|---|---|
| 001 | stuzp66093 | ||
| 003 | SK-STU | ||
| 005 | 20230909210334.7 | ||
| 007 | ta | ||
| 008 | 150427s2015----xo-----f-mn---000-0-slo-d | ||
| 040 | |a STU |b slo | ||
| 041 | 0 | |a slo | |
| 100 | 1 | |a Blahová, Jarmila |u 064000 |k Z1 |4 aut |U MTF Materiálovotechnologická fakulta |T MTF Ústav priemyselného inžinierstva a manažmentu |X 82924 |U M4000 |Y 84 |7 82924 | |
| 242 | 0 | 1 | |a Proposal of a methodology for creating a model to reduce the psychological and physical workload of employees in industrial operations |y eng |
| 245 | 1 | 0 | |a Návrh metodiky tvorby modelu na zníženie psychickej a fyzickej pracovnej záťaže zamestnancov v priemyselnej prevádzke |
| 260 | |c 2023 | ||
| 650 | 4 | |a pracovný stres |2 slo | |
| 650 | 4 | |a psychická pracovná záťaž |2 slo | |
| 650 | 4 | |a fyzická pracovná záťaž |2 slo | |
| 650 | 4 | |a rozhodovanie |2 slo | |
| 650 | 4 | |a pracovné prostredie |2 slo | |
| 650 | 4 | |a systémová dynamika |2 slo | |
| 650 | 4 | |a system dynamics |2 eng | |
| 650 | 4 | |a decision-making process |2 eng | |
| 650 | 4 | |a work stress |2 eng | |
| 650 | 4 | |a work environment |2 eng | |
| 650 | 4 | |a psychological workload |2 eng | |
| 650 | 4 | |a physical workload |2 eng | |
| 700 | 1 | |a Pauliková, Alena |u 064000 |k Z1 |4 ths |U MTF Materiálovotechnologická fakulta |T MTF Ústav priemyselného inžinierstva a manažmentu |X 77968 |U M4000 |Y 84 |7 77968 | |
| 856 | 4 | |u http://is.stuba.sk/zp/portal_zp.pl?podrobnosti=145431 | |
| 996 | |c M* DzP-694 |l MMSKP |s P |a 0 |w stuzp66093_0001 | ||